BEL20 - Statistiques

Statistiques générales
  • Ce quiz a été pris 8 fois
  • Le résultat moyen est 4 sur 20
Statistiques - réponses
Domaine d'activité Entreprise % Correct
1 Industrie Brassicole AB InBev
86%
16 Cimie Solvay
57%
18 Biopharmaceutique UCB
43%
9 Gestion de réseau électrique Elia
29%
2 Investissement Ackermans & van Haaren
14%
4 Assurance Ageas
14%
7 Immobilier Cofinimmo
14%
8 Investissement D'IETEREN GROUP
14%
11 Services Financiers GBL
14%
12 Banque et Assurane KBC Group
14%
13 Agroalimentaire Lotus Bakeries
14%
14 Semi-conducteurs Melexis
14%
15 Investissement Sofina
14%
19 Production et Recyclage de Métaux Umicore
14%
3 Immobilier Aedifica
0%
5 Biotechnologie arGEN-X
0%
6 Vente en gros AZELIS Group
0%
10 Biotechnologie Galapagos
0%
17 Chimie SYENSQO
0%
20 Transport et Logistique Warehouse de Pauw
0%
Aucun quiz correspondant
Distribution des résultats
% des personnes avec chaque résultat
Percentile par nombre de réponses
Votre historique - résultats
Vous n’avez pas pris ce quiz